000 00828nam a22002297a 4500
008 240706b mp ||||| |||| 00| 0 mon d
020 _a99929-0-473-9
035 _a592
040 _aBH0164090
_bmon
_cMN-UlNLM
_dMN-UlNLM
_erda
041 _amon
042 _a48119
084 _2NNA
_a83.8/Англ/
_bА.35
100 _aАйгнэр. Э
245 0 _aЭрвээхий
264 _aУлаанбаатар
_c2005
300 _a20х.
336 _2rdacontent
_atext
_btxt
337 _2rdamedia
_aunmediated
_bn
338 _2rdacarrier
_avolume
_bnc
650 _aЭнэхүү номонд төрөл бүрийн эрвээхий, түүний амьдрлын тухай танин мэдэхүйн ном юм. Танин мэдэхүйн, Эрвээхий Гарчиг: Эрвээхий ...
942 _2NNA
_cBK
999 _c1100629
_d1100686